| 000 | 00804nam a2200217 a 4500 | ||
|---|---|---|---|
| 008 | 091126s1982 ||||||||||||||||| || u | ||
| 050 | _aASC(08)RR/16 | ||
| 100 | _aBinsbergen, Wim M. J. Van | ||
| 245 | 1 | 0 |
_aDutch anthropology of Sub-Saharan Africa in the 1970s _cby Win M. J. van Binsbergen |
| 260 |
_aLeiden: _bASC _c1982 |
||
| 300 | _a39p. | ||
| 350 | _a0.00 | ||
| 490 | _aASC Reseach reports | ||
| 500 | _aBibliography | ||
| 650 | _aANTHROPOLOGY | ||
| 650 | _aPOLITICAL ANTHROPOLOGY--AFRICA, SUB-SAHARAN | ||
| 650 | _aSOCIAL ANTHROPOLOGY--AFRICA, SUB-SAHARAN | ||
| 700 | _aBinsbergen | ||
| 710 | _aAfrica Studies Centre (ASC) | ||
| 995 |
_D0.00 _FCBU-MAIN LIBRARY (Kitwe) _H1 _I0.00 _M1 _UAVAILABLE _WNov 26, 2009 _ZInternational Publications |
||
| 999 |
_c40534 _d40534 |
||